Writing your Journal Article in 12 Weeks : (Record no. 4642)
[ view plain ]
| 000 -LEADER | |
|---|---|
| fixed length control field | 01010nam a22004452 4500 |
| 001 - CONTROL NUMBER | |
| control field | 0000025208 |
| 003 - CONTROL NUMBER IDENTIFIER | |
| control field | |
| 005 - DATE AND TIME OF LATEST TRANSACTION | |
| control field | 20151217145953.0 |
| 008 - FIXED-LENGTH DATA ELEMENTS--GENERAL INFORMATION | |
| fixed length control field | 150311s xx 000 0 eng d |
| 010 ## - LIBRARY OF CONGRESS CONTROL NUMBER | |
| LC control number | |
| 020 ## - INTERNATIONAL STANDARD BOOK NUMBER | |
| International Standard Book Number | 9781412957014 : |
| Terms of availability | |
| 040 ## - CATALOGING SOURCE | |
| Original cataloging agency | KABU |
| Transcribing agency | KABU |
| 041 1# - LANGUAGE CODE | |
| Language code of text/sound track or separate title | |
| Language code of summary or abstract | |
| Language code of original | |
| 100 1# - MAIN ENTRY--PERSONAL NAME | |
| Personal name | Belcher, Wendy Laura, |
| Dates associated with a name | |
| -- | 0000185677 |
| 240 1# - UNIFORM TITLE | |
| Uniform title | |
| 245 10 - TITLE STATEMENT | |
| Title | Writing your Journal Article in 12 Weeks : |
| Remainder of title | A guide to Academic Publishing Success / |
| Statement of responsibility, etc. | Wendy Laura Belcher. |
| 246 3# - VARYING FORM OF TITLE | |
| Title proper/short title | |
| 250 ## - EDITION STATEMENT | |
| Edition statement | |
| 260 ## - PUBLICATION, DISTRIBUTION, ETC. (IMPRINT) | |
| Place of publication, distribution, etc. | London : |
| Name of publisher, distributor, etc. | Sage, |
| Date of publication, distribution, etc. | 2009. |
| 300 ## - PHYSICAL DESCRIPTION | |
| Extent | xxi, 351p. : |
| Other physical details | ill. ; |
| Dimensions | |
| 440 #0 - SERIES STATEMENT/ADDED ENTRY--TITLE | |
| Title | |
| 500 ## - GENERAL NOTE | |
| General note | |
| 504 ## - BIBLIOGRAPHY, ETC. NOTE | |
| Bibliography, etc | |
| 505 0# - FORMATTED CONTENTS NOTE | |
| Formatted contents note | |
| 520 ## - SUMMARY, ETC. | |
| Summary, etc. | |
| 521 2# - TARGET AUDIENCE NOTE | |
| Target audience note | |
| 590 ## - LOCAL NOTE (RLIN) | |
| Local note | |
| 591 ## - | |
| -- | |
| -- | |
| 600 10 - SUBJECT ADDED ENTRY--PERSONAL NAME | |
| Personal name | |
| Dates associated with a name | |
| 610 20 - SUBJECT ADDED ENTRY--CORPORATE NAME | |
| Corporate name or jurisdiction name as entry element | |
| Subordinate unit | |
| 650 #0 - SUBJECT ADDED ENTRY--TOPICAL TERM | |
| Topical term or geographic name as entry element | Scholarly publishing |
| General subdivision | United States. |
| -- | 0000185678 |
| 650 #0 - SUBJECT ADDED ENTRY--TOPICAL TERM | |
| Topical term or geographic name as entry element | |
| General subdivision | |
| 651 #0 - SUBJECT ADDED ENTRY--GEOGRAPHIC NAME | |
| Geographic name | |
| General subdivision | |
| 690 ## - LOCAL SUBJECT ADDED ENTRY--TOPICAL TERM (OCLC, RLIN) | |
| Topical term or geographic name as entry element | |
| 700 10 - ADDED ENTRY--PERSONAL NAME | |
| Personal name | |
| Dates associated with a name | |
| 710 2# - ADDED ENTRY--CORPORATE NAME | |
| Corporate name or jurisdiction name as entry element | |
| Subordinate unit | |
| 740 02 - ADDED ENTRY--UNCONTROLLED RELATED/ANALYTICAL TITLE | |
| Uncontrolled related/analytical title | |
| 908 ## - PUT COMMAND PARAMETER (RLIN) | |
| Put command parameter | 150311 |
| Withdrawn status | Lost status | Source of classification or shelving scheme | Not for loan | Home library | Current library | Date acquired | Total Checkouts | Full call number | Barcode | Date last seen | Price effective from | Koha item type |
|---|---|---|---|---|---|---|---|---|---|---|---|---|
| Library of Congress Classification | Kabarak, Main Campus | Kabarak, Main Campus | 17/12/2015 | Z471 .B45 2014 c.1 | 017321 | 17/12/2015 | 17/12/2015 | General Collection |